000 00836nam1a22002171i 4500
001 rc\221906
005 20240723214609.0
035 _a(NLR Aleph) 005625439
090 _a6529534
_c6529534
100 _a20030307g19919999u |0rusy50 ca
101 0 _arus
102 _aRU
105 _ay |||||||||
200 1 _aIntergrind'91
_e8-я Междунар. конф. по шлифованию, абразив. инструментам и материалам, 1-4 окт. 1991 г.
_e[Материалы]
210 _aЛ
_aМ.
_cВНИИТЭМР
_d1991-
215 _d24
712 1 2 _aМеждународная конф. по шлифованию, абразивным инструментам и материалам
_d8
_f1991
_eЛенинград
801 0 _aRU
_bNLR
_gpsbo
801 1 _aRU
_bELAR
_2rusmarc
852 _aNLR
_j91-7/1360
942 _cBOOK